| 000 | 00845nam a2200217 u 4500 | ||
|---|---|---|---|
| 001 | 000621589 | ||
| 003 | AM-YeHGA | ||
| 005 | 20250617140042.0 | ||
| 008 | 081222s2008 ai r 000 0 arm d | ||
| 020 | _a9789939808130 | ||
| 040 | _aAM-YeHGA | ||
| 041 | 0 | _aarm | |
| 100 | 1 | _aԽաչատրյան, Ա.Ց | |
| 245 | 1 | 0 |
_aՏրակտորների և գյուղատնտեսական մեքենաների տեխնիկական սպարսարկում և նորոգում : _bՈւսումնական ձեռնարկ / _cԱ.Ց. Խաչատրյան, Ս.Խ. Պապյան. |
| 260 |
_aԵրևան : _bԼուսաբաց, _c2008-. |
||
| 300 | _a2-րդ մ. | ||
| 505 | 0 | _gՄ. 2-րդ (2008, 358 էջ, սխեմ., cd) | |
| 650 | 1 | 4 |
_aԳյուղատնտեսական մեքենաներ _xՏեխսպասարկում |
| 700 | 1 | _aՊապյան, Ս.Խ. | |
| 090 | _c213902 | ||
| 999 |
_c212389 _d212389 |
||